MDQL
is popping MORE tags! Check the
thread
!
Quizzes
Events
Quiz Creation
Community
Videos
Private Events
Remove Ads
Sign In
Join for FREE
Feedback
Dark Mode
Quiz Categories
Sports
Geography
Music
Movies
Television
Just For Fun
Miscellaneous
History
Literature
Language
Science
Gaming
Entertainment
Religion
Holiday
For Kids
Quiz Lab
Recent
Popular Today
Quiz Kudos Today
Editor Picks
Curator Picks
Quizzes by...
Day
Popularity
Type
Ratings
Length
Year
Community
Subscriptions
Recent Discussions
Orange Saloon
Badges
Playlists
Quests
Create
Leaderboards
Showdown
Live 5
Trivia Bingo
Activity
Puzzle Library
Sporcle Events
Private Events
Virtual Trivia
Globe League
Become a Host
Pub Owners
SporcleCon
Opinionation
Our Games
Videos
Blog
Mobile Apps
Partnerships
Remove Ads and Go Orange
Feedback
Music
Pop Music
The Beatles
Song
Album
Lyrics
Bands
Singers
Artist
Clip
Rock
Rap
Classical
Billboard
Country Music
Kpop
Taylor Swift
Music
Pop Music
The Beatles
Song
Album
Lyrics
Bands
Singers
Artist
Clip
Rock
Rap
Classical
Billboard
Country Music
Kpop
Taylor Swift
Random Quiz
Search Sporcle
×
Quiz Lab
Quiz Lab
Music
Song
Type in answers that appear in a list
Type in answers that appear in a list
Classic
Best Score? Go Orange.
Musical By opening song title Stats
Can you name the Musical By opening song title?
By
kewldawg64
15m
80 Questions
43 Plays
43 Plays
43 Plays
Comments
Comments
Give Quiz Kudos
Give Quiz Kudos
-
- Ratings
hide this ad
More Info
Forced Order
Answers have to be entered in order
Answers have to be entered in order
Replay
Link that replays current quiz
Next Quiz
Link to next quiz in quiz playlist
You Got
0%
They Got
Avg Score
31%
Avg Friend Score
Upgrade to see
Score Distribution
Jump to the score distribution portion of the page
Score
0/80
Timer
15:00
0
Plays Today
Opening Song
Musical
% Correct
Circle of Life
The Lion King
100%
Belle
Beauty and the Beast
95.3%
Good Morning Baltimore
Hairspray
90.7%
All That Jazz
Chicago
88.4%
Oh What a Beautiful Mornin'
Oklahoma!
83.7%
Aquarius
Hair
83.7%
Jellicle Songs for Jellicle Cats
Cats
83.7%
A Cinema in Buenos Aires, 26 July 1952
Evita
81.4%
Willkommen
Cabaret
81.4%
Food, Glorious Food
Oliver!
81.4%
I Hope I Get It
A Chorus Line
79.1%
Jet Song
West Side Story
74.4%
Prologue: Tradition
Fiddler on the Roof
74.4%
Skid Row (Downtown)
Little Shop of Horror
72.1%
No One Mourns the [show title]
Wicked
69.8%
What Do You Do with a B.A. in English?
Avenue Q
69.8%
Comedy Tonight
A Funny Thing Happened on the Way to the Forum
60.5%
Tune Up #1
Rent
59.1%
Chim Chim Cher-
ee
Mary Poppins
58.1%
No Place Like London
Sweeney Todd
55.6%
Science Fiction/
Double Feature
The Rocky Horror Show
55.6%
Schroeder
You're a Good Man Charlie Brown
55.6%
Hello
The Book of Mormon
51.2%
Santa Fe
Newsies
51.2%
Maybe
Annie
48.8%
The Prince Is Giving a Ball
Cinderella
44.4%
I Whistle a Happy Tune
The King and I
44.4%
Corner of the Sky
Pippin
44.2%
Fugue for Tinhorns
Guys and Dolls
39.5%
Buffalo Bill
Annie Get Your Gun
39.5%
My Friend, the Dictionary
The 25th Annual Putnam County Spelling Bee
39.5%
Sit Down, John
1776
38.9%
Heaven On Their Minds
Jesus Christ SuperStar
37.2%
Historian's Introduction to Act I
Spamalot
34.9%
Mama Who Bore Me
Spring Awakening
34.9%
Prologue: Work Song
Les Miserables
32.6%
Fathoms Below
The Little Mermaid
32.6%
May We Entertain You
Gypsy
32.6%
Food, Wine, Aldonza!
Man of La Mancha
32.6%
Hannibal Comes!
The Phantom of the Opera
31.8%
Opening Song
Musical
% Correct
Just Another Day
Next to Normal
31.8%
Opening Night
The Producers
30.2%
Prologue: I Have A Dream
Mamma Mia
27.9%
An English Teacher
Bye Bye Birdie
27.9%
Price & Son Theme
Kinky Boots
27.8%
Big Bright Beautiful World
Shrek
23.3%
Not for the Life of Me
Thoroughly Modern Millie
23.3%
Breathe
In the Heights
22.7%
Leave
Once
22.2%
Just Like Paradise/
Nothin' but a Good Time
Rock of Ages
22.2%
Another Op'nin', Another Show
Kiss Me Kate
22.2%
Alma Mater
Grease
20.9%
Happy To Keep His Dinner Warm
How to Succeed in Business without really Trying
18.6%
Dites-
Moi
South Pacific
16.7%
When you're an [show title]
The Addams Family
16.3%
Six Months Out Of Every Year
Damn Yankees
13.6%
Too Much Exposition
Urinetown
11.6%
Rock Island
The Music Man
11.6%
The Stars Look Down
Billy Elliot
11.6%
*30/
90
Tick, Tick....Boom
11.1%
Miracle
Matilda
11.1%
ABC
Motown the Musical
11.1%
Ces soirées-
là
Jersey Boys
11.1%
We Are What We Are
La Cage aux Folles
11.1%
Audition
42nd Street
9.3%
Underground
Memphis
7%
I Put My Hand In
Hello, Dolly!
7%
*Something Funny's Going On
Lucky Stiff
5.6%
Every Story is a Love Story
Aida
5.6%
Lost In the Darkness
Jekyll and Hyde
5.6%
Preludium
Sound of Music
5.6%
I'm Lookin' for Something
Dream Girls
4.7%
Rolling Stock
Starlight Express
4.5%
I'm Alive
Xanadu
4.5%
I Can't Be Bothered Now
Crazy For You
2.3%
Overture /
Backstage Dreamland
Miss Saigon
2.3%
Sweet and Lowdown
Nice Work If You Can Get it
0%
The Feeling We Once Had
The Wiz
0%
No More
Spider-Man Turn Off the Dark
0%
Double Talk
City of Angels
0%
Quiz Playlist
Details
Report
Send in Message
Add To Playlist
More Info:
Any song with an asterik in front are from musicals that were never on broadway.
Classic:
Type in answers that appear in a list
Forced Order:
Answers have to be entered in order
Last Updated: Feb 16, 2017
Quiz Scoreboard
CHALLENGE
Sign Up to Join the Scoreboard
Show All
Scores
Hide
Comments
May contain spoilers
Recently Published
Two Season TV Shows II
by 123Four
Television
10m
Image Sorting: Flags VI
by Barbecue
Geography
2m
Find the 'City' Movie
by crazypaving
Movies
60s
More to Explore
Quiz From the Vault
Featured Blog Post
14 Easter Pick-up Lines to Find Eggs With
hide this ad
You Might Also Like...
Tags
Musical Quiz
Song Quiz
Extra
Today's Top Quizzes in Music
Browse Music
hide this ad
Today's Top Quizzes in Song
Browse Song
Top Contributed Quizzes in Music
1
5X2 Blitz: Bands II
2
5X2 Blitz: The Beatles
3
Taylor Swift All Songs (2024)
4
5X2 Blitz: Billboard
5
5X2 Blitz: Billboard II
6
5X2 Blitz: Album
7
5X2 Blitz: Singers
8
5X2 Blitz: Rock
9
Music Artist by Three 2010s hits
10
5X2 Blitz: Lyrics
Explore More
Trending Topics
Kpop
Disney
NBA
Marvel
Crossword
Anime
Harry Potter
WWE
Puzzle
Song
Country
Pokémon
The Office
Soccer
NFL
hide this ad
More By:
kewldawg64
Quiz
Plays
Rating
Category
Featured
Created
perfect squares 1-25
90,409
4.15
Science
Jul 13, 2011
The Prince's Name in Cinderella
530
3.13
Entertainment
Nov 13, 2014
How Many Airlines Can you name *New!
462
1.00
Just For Fun
Aug 25, 2012
Lyrics from Anything Goes
307
3.00
Entertainment
Jan 12, 2016
Rutgers Facts and Trivia
194
4.00
Just For Fun
Jan 12, 2016
Go to Creator's Profile
Score Distribution
Quiz Creator Spotlight
kewldawg64
Follow
Send a Message
Quizzes Created
-
Created Quiz Play Count
-
More By This Creator
Popular Quizzes Today
1
Find the US States - No Outlines Minefield
2
Colored Red Africa Blitz
3
Find the 'City' Movie
4
5x2 Blitz: Bands
5
The Countries of the World
6
Find the Countries of Europe - No Outlines Minefield
7
Find the US States
8
US States
More Music Quizzes
'Baba O'Riley' Lyrics
Published
Trending Quizzes
Colored Red Europe Blitz I
Colored Red Africa Blitz II
Colored Red Europe Blitz II
Colored Red Africa Blitz III
Even More Two Season TV Shows
Recently Updated
March Madness Men's Triple Doubles
pecheneg
How Do You Spell That?
pecheneg
Godzilla Movies
pecheneg
Grab Bag: 4-10 Letters
pecheneg
2024 March Madness Bracket
pecheneg
Famous TV Couples
Peacemaker
Champions League XIs: Real Madrid
pecheneg
Largest US Cities 1790-2010
pecheneg
Rides in Walt Disney World
pecheneg
Most Oscar Losses (Acting)
pecheneg
Trending Topics
Kpop
Disney
Marvel
Harry Potter
Crossword
Anime
NBA
Pokémon
NFL
Song
WWE
Country
The Office
Puzzle
Soccer
Your Account Isn't Verified!
In order to create a playlist on Sporcle, you need to verify the email address you used during registration. Go to your
Sporcle Settings
to finish the process.
Report this User
Report this user for behavior that violates our
Community Guidelines
.
Details:
Send Report
Go to the Sporcle.com Mobile Site →
Comments